000 00289nam a2200121Ia 4500
008 191014s9999 xx 000 0 und d
082 _a531
_bGOL
100 _aHerbert Goldstein
_920350
245 0 _aClassical Mechanics 3rd Edition
260 _c2000
300 _aXi,638
942 _cBK
999 _c531206
_d531206